01943nam a2200481 i 450000100060000000300080000600500170001400600190003100700150005000800410006502000180010602000270012403500230015103500240017403500250019803500210022304000310024405000250027508000100030008200180031024501460032826400640047430000410053833600310057933700330061033800430064349000250068650000230071150400290073458801270076359001640089065000230105465000260107765100740110365100740117765500270125170000360127870000230131479700190133783000260135685600620138299900170144457031FlNmELB20241216232908.0m o d | cr cnu||||||||141029s2011 mx ob 001 0 spa d z9786074014419 a9781413533835 (e-book) a(MiAaPQ)EBC3224957 a(Au-PeEL)EBL3224957 a(CaPaEBR)ebr10933955 a(OCoLC)992057171 aFINmELBbspaerdacFINmELB 4aGT4814.A2bP314 2011 a394.20 a394.2697222303aEl patrimonio cultural cívico :bla memoria política como capital social /cLourdes Arizpe, coordinadora ; Cristina Amescua, [y otros 3]. 1aMéxico D.F. :bEditorial Miguel Ángel Porrúa,c[2011] a1 recurso en línea (177 páginas) atextobtxt2rdacontent/spa acomputadorabc2rdamedia/spa arecurso en líneabcr2rdacarrier/spa1 aConocer para decidir aContiene índice. aContiene bibliografía. aDescripción basada en recurso en línea; Título de la página del título en PDF (e-libro, visto October 29, 2014). aRecurso electrónico. Santa Fe, Arg.: e-libro, 2015. Disponible vía World Wide Web. El acceso puede estar limitado para las bibliotecas afiliadas a e-libro. 0aFestivalszMexico. 4aFestivaleszMéxico. 0aMexicoxHistoryxAnniversaries, etcyWars of Independence, 1810-1821. 4aMéxicoxHistoriaxAniversariosyGuerra de independencia, 1810-1821. 4aLibros electrónicos.1 aArizpe, Lourdes,ecoordinadora.1 aAmescua, Cristina.2 ae-libro, Corp. 0aConocer para decidir.40uhttps://elibro.net/ereader/politecnicointernacional/38459 c57031d57031